MARC

LEADER 00000nam0a2200000 4500
001 277195
005 20231101235007.0
035 |a (RuTPU)RU\TPU\book\300468 
090 |a 277195 
100 |a 20141201d1984 k y0rusy5003 ca 
101 0 |a rus 
102 |a RU 
105 |a af z 001zy 
200 1 |a Геология и рудоносность докембрия Воронежского кристаллического массива  |e сборник научных трудов  |f Геологический фонд РСФСР 
210 |a Москва  |c [Б. и.]  |d 1984 
215 |a 120 с.  |c ил.  |d 20 см 
320 |a Библиография в конце статей 
606 1 |a Геология  |y Центр Европейской части России  |2 stltpush  |3 (RuTPU)RU\TPU\subj\72374  |9 85924 
606 1 |a Рудные месторождения  |x Докембрийские отложения  |2 stltpush  |3 (RuTPU)RU\TPU\subj\25947  |9 49979 
610 1 |a Воронежский кристаллический массив 
610 1 |a рудоносность 
610 1 |a гнейсы 
610 1 |a железорудные формации 
610 1 |a докембрий 
610 1 |a микрофоссилии 
610 1 |a мафит-ультрамафитовые интрузивные комплексы 
610 1 |a гранитоидный магматизм 
610 1 |a углеродистые образования 
675 |a 55(470.3)  |z rus  |v 3 
675 |a 553.3/.4:551.7  |z rus  |v 3 
712 0 2 |a Геологический фонд РСФСР  |2 stltpush  |3 (RuTPU)RU\TPU\col\12239  |9 25356 
801 0 |a RU  |b RuMRKP  |c 19950704  |g psbo 
801 1 |a RU  |b 63413507  |c 20141201 
801 2 |a RU  |b 63413507  |c 20170403  |g RCR 
942 |c BK